Gares ferroviaires suisses - La ligne IC2 - Statistiques

Statistiques générales
  • Ce quiz a été pris 25 fois
  • Le résultat moyen est 6 sur 9
Statistiques - réponses
Réponse % Correct
Zürich HB
100%
Lugano
84%
Bellinzone
79%
Zoug
68%
Altdorf
63%
Arth-Goldau
63%
Chiasso
58%
Mendrisio
47%
Biasca
42%
Aucun quiz correspondant
Distribution des résultats
% des personnes avec chaque résultat
Percentile par nombre de réponses
Votre historique - résultats
Vous n’avez pas pris ce quiz